000 00539nam a2200181Ia 4500
005 20250326124725.0
008 250326s9999 xx 000 0 und d
037 _aTextbook
040 _aFMSL
_beng
_cFMSL
041 _aeng
_2eng
084 _aX:89Ay7 K4;L0
_qFMSL
100 _aDooley A R
_9737805
245 0 _aBasic problems, concepts, and techniques
_cDooley A R; Holstein W K
260 _aNew Delhi
_bNew Delhi, Wiley Eastern
_c1970
300 _a738p
942 _cTB
_hX:89Ay7 K4;L0
999 _c1274928
_d1274928